000 00580nam a2200157 a 4500
005 20140412111226.0
008 020416s19uu xx 00 eng d
020 _a971-630-066-2
050 _aM 959.9092
_bR59B36 1997
100 _aBantug, Asuncion Lopez-Rizal
245 _aIndio bravo :
_bthe story of Jose Rizal /
_cby Asuncion Lopex-Rizal Bantug with Sylvia Mendez Ventura; edited by Nick Joaquin; drawings by Bencab.
260 _aManila, Philippines :
_bTahanan Books for Young Readers,
_c1997.
300 _a158 p. ; ill.
650 _aHero
_xPhilippines
999 _c102046
_d102046